Elektronické vzdelávanie na Ekonomickej univerzite v Bratislave – vyhodnotenie prieskumu názorov študentov

Nové formy vzdelávania a využívanie informačných a komunikačných technológií (IKT) v oblasti vzdelávania, ktoré majú veľký potenciál a môžu sa stať dominantným trendom vo vzdelávaní.

Enregistré dans:
Détails bibliographiques
Auteur principal: Ondrejková, Anna
Format: Chapitre de livre
Langue:slovaque
Sujets:
Tags: Ajouter un tag
Pas de tags, Soyez le premier à ajouter un tag!

MARC

LEADER 00000naa$a2200000$$$4500
001 0228109
005 20240502073745.6
041 0 |a slo 
044 |a SK 
245 1 0 |a Elektronické vzdelávanie na Ekonomickej univerzite v Bratislave – vyhodnotenie prieskumu názorov študentov  |c Anna Ondrejková 
520 |a Nové formy vzdelávania a využívanie informačných a komunikačných technológií (IKT) v oblasti vzdelávania, ktoré majú veľký potenciál a môžu sa stať dominantným trendom vo vzdelávaní. 
610 2 0 |a vzdelávanie vysokoškolské 
610 2 0 |a vzdelávanie elektronické 
610 2 0 |a univerzity 
610 2 0 |a technológie informačné 
610 2 0 |a technológie komunikačné 
610 2 0 |a prieskum 
100 1 |a Ondrejková, Anna